[Event "San Vicente op 8th"]
[Site "San Vicente"]
[Date "2024.03.27"]
[Round "1"]
[White "Climente Martinez, Jose Luis"]
[Black "Baskin, Robert"]
[Result "0-1"]
[WhiteElo "2041"]
[BlackElo "2461"]
[PlyCount "90"]
[EventDate "2024.03.27"]
[EventType "swiss"]
[EventRounds "9"]
[EventCountry "ESP"]
[SourceTitle "CB14_2024"]
[SourceDate "2024.04.01"]
[SourceVersion "1"]
[SourceVersionDate "2024.04.01"]
[SourceQuality "1"]

1. d4 e6 2. c4 b6 3. Nf3 Bb7 4. Nc3 Bb4 5. Bd2 f5 6. e3 Nf6 7. Bd3 0-0 8. 0-0 Bxc3 9. Bxc3 Ne4 10. Be1 d6 11. Qc2 Nd7 12. Nd2 Nxd2 13. Bxd2 Qh4 14. f3 a5 15. e4 fxe4 16. fxe4 e5 17. d5 Nc5 18. a3 a4 19. Be3 Nxd3 20. Qxd3 Rad8 21. Rae1 Bc8 22. Bf2 Qh5 23. Qc2 Bd7 24. Qd1 Bg4 25. Qc2 Bd7 26. Qd1 Qg5 27. Qc1 Qe7 28. Be3 h6 29. Qd1 Qh4 30. Bf2 Qg5 31. Qc1 Qg6 32. Bh4 Rde8 33. Qe3 Qg4 34. Bf2 Rf7 35. Qg3 Qh5 36. Qh4 Qg6 37. Qg3 Qh7 38. h4 Rf4 39. Be3 Rg4 40. Qf3 Qg6 41. Bf2 Rf8 42. Qh3 h5 43. g3 Rxf2 44. Rxf2 Rxg3+ 45. Qg2 Bh3 0-1

[Event "Aragon-chT Preferente B"]
[Site "Aragon"]
[Date "2017.02.04"]
[Round "2.65"]
[White "Climente Martinez, Jose Luis"]
[Black "Sanchez Herrera, Miguel"]
[Result "1/2-1/2"]
[WhiteElo "2056"]
[BlackElo "2124"]
[PlyCount "153"]
[EventDate "2017.01.28"]
[EventType "team-tourn"]
[EventRounds "9"]
[EventCountry "ESP"]
[SourceTitle "EXT 2018"]
[Source "ChessBase"]
[SourceDate "2017.10.13"]
[SourceVersion "1"]
[SourceVersionDate "2017.10.13"]
[SourceQuality "1"]
[WhiteTeam "Sabinanigo"]
[BlackTeam "St Casablanca IV"]
[WhiteTeamCountry "ESP"]
[BlackTeamCountry "ESP"]

1. d4 d5 2. Nf3 Nf6 3. c4 e6 4. Nc3 Be7 5. Bf4 0-0 6. e3 a6 7. Ne5 c5 8. cxd5 exd5 9. dxc5 Bxc5 10. Bg5 d4 11. exd4 Bxd4 12. Nf3 Bxc3+ 13. bxc3 Qxd1+ 14. Rxd1 Ne4 15. Bc4 Bg4 16. Be7 Nxc3 17. Rd3 Re8 18. Ne5 Bh5 19. g4 Nc6 20. Nxc6 bxc6 21. gxh5 Rxe7+ 22. Kf1 Ne4 23. h6 g6 24. h4 Kf8 25. h5 g5 26. Rg1 Re5 27. f3 Rf5 28. Kg2 Nc5 29. Rd6 Rc8 30. Rgd1 Ke7 31. R6d2 a5 32. Bd3 Nxd3 33. Rxd3 Re5 34. Rd7+ Ke8 35. Ra7 Rd8 36. Rxd8+ Kxd8 37. Rxf7 Re7 38. Rg7 a4 39. Rxg5 Re2+ 40. Kg3 Rxa2 41. Rg8+ Ke7 42. Rg7+ Kf8 43. Rxh7 Kg8 44. Rg7+ Kh8 45. Kf4 a3 46. Ra7 c5 47. h7 Ra1 48. Kg5 Rb1 49. Rxa3 Kxh7 50. Ra7+ Kh8 51. Rc7 Rc1 52. f4 c4 53. Kg6 Rg1+ 54. Kh6 Kg8 55. Rxc4 Kf7 56. Rc7+ Kf6 57. Rc5 Rg4 58. Rc6+ Kf7 59. f5 Rg1 60. Rg6 Rf1 61. Kg5 Rg1+ 62. Kf4 Rf1+ 63. Ke4 Re1+ 64. Kf4 Rf1+ 65. Ke5 Re1+ 66. Kd5 Rf1 67. Ke4 Re1+ 68. Kf3 Rf1+ 69. Kg4 Rg1+ 70. Kh4 Rh1+ 71. Kg5 Rg1+ 72. Kh6 Rf1 73. Rg7+ Kf6 74. Rg8 Kf7 75. Rg7+ Kf6 76. Rg6+ Kf7 77. Rg5 1/2-1/2

[Event "Aragon-chT Preferente A"]
[Site "Aragon"]
[Date "2016.04.02"]
[Round "9.40"]
[White "Urriolabeitia Rodrigo, Ander"]
[Black "Climente Martinez, Jose Luis"]
[Result "0-1"]
[WhiteElo "1591"]
[BlackElo "1924"]
[PlyCount "74"]
[EventDate "2016.01.30"]
[EventType "team-tourn"]
[EventRounds "9"]
[EventCountry "ESP"]
[SourceTitle "EXT 2018"]
[Source "ChessBase"]
[SourceDate "2017.10.13"]
[SourceVersion "1"]
[SourceVersionDate "2017.10.13"]
[SourceQuality "1"]
[WhiteTeam "Monsalud"]
[BlackTeam "Sabinanigo"]
[WhiteTeamCountry "ESP"]
[BlackTeamCountry "ESP"]

1. e4 b6 2. Nc3 Bb7 3. Bc4 e6 4. Nf3 d5 5. exd5 exd5 6. Be2 d4 7. Nb5 Nc6 8. Bc4 Be7 9. 0-0 Nf6 10. d3 a6 11. Na3 b5 12. Bb3 0-0 13. Re1 Qd6 14. Bd2 Ng4 15. h3 Nge5 16. Bf4 Bf6 17. c4 dxc3 18. bxc3 Nxf3+ 19. Qxf3 Qxa3 20. d4 Na5 21. Qg3 Nxb3 22. axb3 Qxb3 23. Be5 Bxe5 24. Rxe5 b4 25. Rc1 Rfe8 26. Rg5 g6 27. Qxc7 bxc3 28. Rxc3 Re1+ 29. Kh2 Qb1 30. Qf4 Rh1+ 31. Kg3 Qg1 32. Qf6 Qxg2+ 33. Kh4 Qe4+ 34. Rg4 Qd5 35. Rc7 Qh5+ 36. Kg3 Rxh3+ 37. Kf4 Rf3# 0-1

[Event "Aragon-chT Preferente A"]
[Site "Aragon"]
[Date "2016.02.27"]
[Round "5.51"]
[White "Climente Martinez, Jose Luis"]
[Black "Uldemolins Nivela, Mateo"]
[Result "1-0"]
[WhiteElo "1924"]
[BlackElo "1922"]
[PlyCount "65"]
[EventDate "2016.01.30"]
[EventType "team-tourn"]
[EventRounds "9"]
[EventCountry "ESP"]
[SourceTitle "EXT 2018"]
[Source "ChessBase"]
[SourceDate "2017.10.13"]
[SourceVersion "1"]
[SourceVersionDate "2017.10.13"]
[SourceQuality "1"]
[WhiteTeam "Jaque"]
[BlackTeam "Sabinanigo"]
[WhiteTeamCountry "ESP"]
[BlackTeamCountry "ESP"]

1. d4 d5 2. c4 c6 3. Nc3 Nf6 4. Nf3 g6 5. Bg5 Bg7 6. e3 0-0 7. Bd3 Bg4 8. cxd5 cxd5 9. Qb3 Bxf3 10. gxf3 Nc6 11. Bxf6 Bxf6 12. Nxd5 Bg7 13. Nc3 Qd7 14. Be4 Rac8 15. 0-0 e6 16. f4 Kh8 17. Rac1 Rg8 18. Kh1 Bf6 19. Qd1 Qe7 20. Na4 Nb4 21. Nc3 Nc6 22. Qf3 Na5 23. Rc2 Bh4 24. Rfc1 f5 25. Bd3 g5 26. d5 Rg6 27. Nb5 Rcg8 28. Rc7 g4 29. Qd1 Qf6 30. Nd6 g3 31. fxg3 Bxg3 32. Nf7+ Kg7 33. Ng5+ 1-0

[Event "Aragon-chT Preferente A"]
[Site "Aragon"]
[Date "2015.02.07"]
[Round "3.34"]
[White "Climente Martinez, Jose Luis"]
[Black "Sarrio Bambo, Pablo"]
[Result "1/2-1/2"]
[WhiteElo "1891"]
[BlackElo "1839"]
[PlyCount "114"]
[EventDate "2015.01.24"]
[EventType "team-tourn"]
[EventRounds "11"]
[EventCountry "ESP"]
[SourceTitle "EXT 2017"]
[Source "ChessBase"]
[SourceDate "2016.10.25"]
[SourceVersion "1"]
[SourceVersionDate "2016.10.25"]
[SourceQuality "1"]
[WhiteTeam "Sabinanigo"]
[BlackTeam "Caissa II"]
[WhiteTeamCountry "ESP"]
[BlackTeamCountry "ESP"]

1. d4 d5 2. c4 e5 3. dxe5 d4 4. a3 Nc6 5. Nf3 Bg4 6. Bf4 Bxf3 7. exf3 g5 8. Bg3 Qe7 9. Qa4 0-0-0 10. Nd2 f5 11. f4 gxf4 12. Bxf4 Bh6 13. g3 Nxe5 14. 0-0-0 Bxf4 15. gxf4 Nc6 16. Bg2 Qd6 17. Bxc6 bxc6 18. Qa6+ Kb8 19. Nb3 c5 20. Qb5+ Qb6 21. Nxc5 Qxb5 22. cxb5 Ne7 23. Ne6 Rd6 24. Rhe1 Ng6 25. Nxd4 Nxf4 26. Nc6+ Kb7 27. Rxd6 cxd6 28. Re7+ Kb6 29. Kd2 h5 30. Nxa7 Ra8 31. Nc6 Kxb5 32. Nd4+ Kc5 33. Nxf5 Rf8 34. b4+ Kb6 35. Nh6 Rf6 36. Rf7 Rxh6 37. Rxf4 Rg6 38. Ke3 Rg2 39. h4 Rh2 40. Kd4 Kc6 41. a4 Rh1 42. Ke4 Ra1 43. b5+ Kc5 44. Kf5 d5 45. Kg6 d4 46. Rf5+ Kc4 47. Kxh5 d3 48. Rf4+ Kc3 49. Rf3 Rxa4 50. Kg5 Kc2 51. Rxd3 Kxd3 52. f4 Ra5 53. f5 Rxb5 54. Kg6 Ke4 55. f6 Rf5 56. f7 Kf4 57. h5 Rxf7 1/2-1/2

[Event "Aragon-chT Preferente A"]
[Site "Aragon"]
[Date "2014.03.22"]
[Round "9.47"]
[White "Santos Hernandez, Higinio"]
[Black "Climente Martinez, Jose Luis"]
[Result "0-1"]
[WhiteElo "1660"]
[BlackElo "1888"]
[PlyCount "78"]
[EventDate "2014.01.25"]
[EventType "team-tourn"]
[EventRounds "9"]
[EventCountry "ESP"]
[SourceTitle "EXT 2015"]
[Source "ChessBase"]
[SourceDate "2014.11.20"]
[SourceVersion "1"]
[SourceVersionDate "2014.11.20"]
[SourceQuality "1"]
[WhiteTeam "Shatranj"]
[BlackTeam "Sabinanigo"]
[WhiteTeamCountry "ESP"]
[BlackTeamCountry "ESP"]

1. d4 d5 2. Nf3 Bf5 3. e3 Nf6 4. Bd3 Bxd3 5. Qxd3 Nc6 6. c3 e6 7. Nbd2 Be7 8. e4 dxe4 9. Nxe4 Qd5 10. Nxf6+ Bxf6 11. 0-0 0-0-0 12. Qc2 g5 13. c4 Nxd4 14. Nxd4 Qxd4 15. Be3 Qxb2 16. Qa4 Qxa1 17. Rxa1 Bxa1 18. Bxg5 Rd6 19. g3 Ra6 20. Qc2 h6 21. Bf4 h5 22. h4 Rd8 23. Qh7 e5 24. Qf5+ Rd7 25. Bxe5 Ra5 26. f4 f6 27. Qxf6 Rd1+ 28. Kf2 Rxa2+ 29. Ke3 Re1+ 30. Kd3 Rd1+ 31. Ke4 Re2+ 32. Kf3 Rxe5 33. Qh8+ Rd8 34. Qh7 Rc5 35. Qe4 a5 36. Qe6+ Kb8 37. f5 Bg7 38. f6 Rc6 39. Qf5 Rxf6 0-1

[Event "Aragon-chT Preferente A"]
[Site "Aragon"]
[Date "2014.03.08"]
[Round "7.43"]
[White "Maza Broto, Pablo"]
[Black "Climente Martinez, Jose Luis"]
[Result "1/2-1/2"]
[WhiteElo "2045"]
[BlackElo "1888"]
[PlyCount "119"]
[EventDate "2014.01.25"]
[EventType "team-tourn"]
[EventRounds "9"]
[EventCountry "ESP"]
[SourceTitle "EXT 2015"]
[Source "ChessBase"]
[SourceDate "2014.11.20"]
[SourceVersion "1"]
[SourceVersionDate "2014.11.20"]
[SourceQuality "1"]
[WhiteTeam "Jaime Casas II"]
[BlackTeam "Sabinanigo"]
[WhiteTeamCountry "ESP"]
[BlackTeamCountry "ESP"]

1. d4 d5 2. Nf3 Nf6 3. e3 Bf5 4. c4 c6 5. Nc3 e6 6. Nh4 Bg6 7. Nxg6 hxg6 8. Qb3 Qc7 9. h3 Nbd7 10. Bd2 Be7 11. cxd5 exd5 12. Bd3 Nf8 13. 0-0-0 Ne6 14. Kb1 0-0-0 15. Rc1 Kb8 16. Qa4 Qb6 17. Ne2 a5 18. Qxa5 Qxa5 19. Bxa5 Rd7 20. f4 Ne4 21. Bxe4 dxe4 22. g4 Rd5 23. Be1 f5 24. Nc3 Rdd8 25. Bg3 Nc7 26. gxf5 gxf5 27. Rcg1 Rh7 28. Bf2 Ne6 29. h4 Rdh8 30. Rg6 Nf8 31. Rg2 Ne6 32. a3 g5 33. fxg5 Nxg5 34. Bg3+ Ka7 35. Be5 Rd8 36. hxg5 Rxh1+ 37. Kc2 Rg8 38. g6 Rh6 39. g7 Bf6 40. Rf2 Bxe5 41. dxe5 Rh5 42. Rg2 Rh7 43. Rg5 Rhxg7 44. Rxf5 Rg2+ 45. Kb3 R8g5 46. Rxg5 Rxg5 47. Kc4 Rxe5 48. Kd4 Re7 49. Nxe4 Kb6 50. Nc5 Kb5 51. e4 b6 52. Nb3 c5+ 53. Ke3 c4 54. Nd4+ Kc5 55. Nf5 Rd7 56. e5 Rd3+ 57. Ke4 Rd2 58. e6 Re2+ 59. Ne3 Kd6 60. Kf3 1/2-1/2

[Event "Aragon-chT Preferente A"]
[Site "Aragon"]
[Date "2014.02.15"]
[Round "4.51"]
[White "Climente Martinez, Jose Luis"]
[Black "Gutierrez Mingueza, Ruben"]
[Result "0-1"]
[WhiteElo "1888"]
[BlackElo "2081"]
[PlyCount "88"]
[EventDate "2014.01.25"]
[EventType "team-tourn"]
[EventRounds "9"]
[EventCountry "ESP"]
[SourceTitle "EXT 2015"]
[Source "ChessBase"]
[SourceDate "2014.11.20"]
[SourceVersion "1"]
[SourceVersionDate "2014.11.20"]
[SourceQuality "1"]
[WhiteTeam "Sabinanigo"]
[BlackTeam "San Jose"]
[WhiteTeamCountry "ESP"]
[BlackTeamCountry "ESP"]

1. d4 Nf6 2. Nf3 e6 3. c4 d5 4. Nc3 Be7 5. Bg5 0-0 6. e3 h6 7. Bh4 b6 8. cxd5 exd5 9. Qc2 Be6 10. Ne5 c5 11. Be2 Nfd7 12. Bxe7 Qxe7 13. Nf3 Nc6 14. 0-0 Nf6 15. Rfd1 Rfd8 16. Rac1 Rac8 17. a3 Nb8 18. h3 Qb7 19. Qb1 Nbd7 20. Nb5 Nb8 21. Ne5 a6 22. Nc3 Nbd7 23. f4 Ne4 24. Nxe4 dxe4 25. d5 Nxe5 26. dxe6 Nd3 27. exf7+ Qxf7 28. Bxd3 exd3 29. Rxd3 c4 30. Rxd8+ Rxd8 31. Rd1 Rd5 32. Qc2 b5 33. g3 a5 34. e4 Rxd1+ 35. Qxd1 Qa7+ 36. Kg2 Qe3 37. e5 Qe4+ 38. Kf2 b4 39. axb4 axb4 40. Qd2 c3 41. bxc3 b3 42. h4 Qa8 43. Ke3 Qa7+ 44. Kd3 Qa2 0-1